Science Quiz

Random Science Quiz

Unit Prefixes Practice Quiz Stats

Quiz not verified by Sporcle

Challenge
Share
Tweet
Embed
Score 0/10 Timer 02:00
0 Plays Today
Hint Answer % Correct
????
100%
????
96.2%
????
88.5%
????
73.1%
????
61.5%
????
57.7%
????
57.7%
????
46.2%
????
46.2%
????
34.6%

You're not logged in!

Compare scores with friends on all Sporcle quizzes.
Join for Free
OR
Log In

You Might Also Like...

Show Comments

Extras

Created Sep 11, 2013ReportNominate
Tags:practice, prefix, unit

Top Quizzes Today


Score Distribution

Your Account Isn't Verified!

In order to create a playlist on Sporcle, you need to verify the email address you used during registration. Go to your Sporcle Settings to finish the process.

Report this User

Report this user for behavior that violates our Community Guidelines.

Details: